| 000 | 00581nam a22002057a 4500 | ||
|---|---|---|---|
| 999 |
_c4029 _d4029 |
||
| 003 | OSt | ||
| 005 | 20210319112126.0 | ||
| 008 | 160513b xxu||||| |||| 00| 0 eng d | ||
| 020 | _a0851988962 | ||
| 040 | _cDDC. | ||
| 082 | _a632 BIO 1994. | ||
| 100 |
_aEdited by Wajnberg, E. ; Hassan, S.A; _98791 |
||
| 245 | _aBiological Control with Egg Parasitoids. | ||
| 260 |
_aUK; _bCAB international. _c1994. |
||
| 300 |
_axiv,286p; _bill; _c24cm. |
||
| 504 | _aincludes index and references. | ||
| 650 |
_aBiological control _95602 |
||
| 650 |
_aAgriculture _94591 |
||
| 942 |
_2ddc _cSLOAN |
||